| 000 -CABECERA |
| Longitud fija campo de control |
00553nam a2200205 a 4500 |
| 001 - NÚMERO DE CONTROL |
| Número de control |
3448 |
| 003 - IDENTIFICADOR DEL NÚMERO DE CONTROL |
| Identificador del número de control |
CDMR |
| 005 - FECHA Y HORA DE LA ÚLTIMA TRANSACCIÓN |
| Fecha y hora de la última transacción |
20131126131017.0 |
| 008 - CÓDIGOS DE INFORMACIÓN DE LONGITUD FIJA |
| Códigos de información de longitud fija |
130130s1962||||||||||||||||||||||||||||d |
| 024 ## - OTROS IDENTIFICADORES NORMALIZADOS |
| Fuente del número o código |
DL |
| Número normalizado o código |
M72511962 |
| 040 ## - FUENTE DE LA CATALOGACIÓN |
| Centro catalogador de origen |
CDMR |
| Lengua de catalogación |
cat |
| Centro transcriptor |
CDMR |
| 100 1# - PUNTO DE ACCESO PRINCIPAL-NOMBRE DE PERSONA |
| Nombre de persona |
Fontan, Antonio |
| 9 (RLIN) |
2022 |
| 245 10 - MENCIÓN DE TÍTULO |
| Título |
Situación y perspectivas de la prensa actual |
| Mención de responsabilidad, etc. |
Antonio Fontán |
| 260 ## - PUBLICACIÓN, DISTRIBUCIÓN, ETC. (PIE DE IMPRENTA) |
| Lugar de publicación, distribución, etc. |
Madrid |
| Fecha de publicación, distribución, etc. |
1962 |
| Nombre del editor, distribuidor, etc. |
Ateneo |
| 300 ## - DESCRIPCIÓN FÍSICA |
| Extensión |
39 p ; |
| Dimensiones |
19 cm |
| 490 0# - MENCIÓN DE SERIE |
| Mención de serie |
O crece o muere |
| Designación de volumen o secuencia |
169 |
| 650 04 - PUNTO DE ACCESO ADICIONAL DE MATERIA - TÉRMINO DE MATERIA |
| 9 (RLIN) |
382 |
| Término de materia o nombre geográfico como elemento inicial |
Periodisme |
| 650 04 - PUNTO DE ACCESO ADICIONAL DE MATERIA - TÉRMINO DE MATERIA |
| 9 (RLIN) |
3470 |
| Término de materia o nombre geográfico como elemento inicial |
Premsa i política |
| 942 ## - ENTRADA DE ELEMENTOS AGREGADOS (KOHA) |
| Koha [por defecto] tipo de item |
Fullets |
| Fuente de clasificaión o esquema |
|